Evaluating International Humanitarian Action: (Record no. 8983)

MARC details
000 -LEADER
fixed length control field 01571cam a22003614a 4500
001 - CONTROL NUMBER
control field 12280514
003 - CONTROL NUMBER IDENTIFIER
control field OSt
005 - DATE AND TIME OF LATEST TRANSACTION
control field 20240627112127.0
008 - FIXED-LENGTH DATA ELEMENTS--GENERAL INFORMATION
fixed length control field 010117s2001 enkab b 001 0 eng
010 ## - LIBRARY OF CONGRESS CONTROL NUMBER
LC control number 2001017626
020 ## - INTERNATIONAL STANDARD BOOK NUMBER
International Standard Book Number 1856499758 (cased)
020 ## - INTERNATIONAL STANDARD BOOK NUMBER
International Standard Book Number 1856499766 (limp)
040 ## - CATALOGING SOURCE
Transcribing agency must
042 ## - AUTHENTICATION CODE
Authentication code pcc
050 00 - LIBRARY OF CONGRESS CALL NUMBER
Classification number HV553
Item number .E93 2001
082 00 - DEWEY DECIMAL CLASSIFICATION NUMBER
Classification number 337 EVA 2001
Edition number 21
245 00 - TITLE STATEMENT
Title Evaluating International Humanitarian Action:
Remainder of title reflection from practitioners /
Statement of responsibility, etc. edited by Adrian Wood, Raymond Apthorpe and John Borton.
260 ## - PUBLICATION, DISTRIBUTION, ETC. (IMPRINT)
Place of publication, distribution, etc. London ;
-- New York :
Name of publisher, distributor, etc. Zed Books,
Date of publication, distribution, etc. c2001.
300 ## - PHYSICAL DESCRIPTION
Extent xxi, 222 p. :
Other physical details ill., maps ;
Dimensions 22 cm.
504 ## - BIBLIOGRAPHY, ETC. NOTE
Bibliography, etc Includes bibliographical references (p. [212]-216) and index.
650 #0 - SUBJECT ADDED ENTRY--TOPICAL TERM
Topical term or geographic name as entry element Disaster relief
General subdivision Evaluation.
9 (RLIN) 18219
650 #0 - SUBJECT ADDED ENTRY--TOPICAL TERM
Topical term or geographic name as entry element Humanitarian assistance
General subdivision Evaluation.
9 (RLIN) 18220
650 #0 - SUBJECT ADDED ENTRY--TOPICAL TERM
Topical term or geographic name as entry element Evaluation research (Social action programs)
9 (RLIN) 7446
700 1# - ADDED ENTRY--PERSONAL NAME
Personal name Wood, Adrian P.
9 (RLIN) 18221
700 1# - ADDED ENTRY--PERSONAL NAME
Personal name Apthorpe, Raymond J.
9 (RLIN) 18222
700 1# - ADDED ENTRY--PERSONAL NAME
Personal name Borton, John,
Dates associated with a name 1955-
9 (RLIN) 18223
856 42 - ELECTRONIC LOCATION AND ACCESS
Materials specified Contributor biographical information
Uniform Resource Identifier <a href="http://www.loc.gov/catdir/bios/hol059/2001017626.html">http://www.loc.gov/catdir/bios/hol059/2001017626.html</a>
856 42 - ELECTRONIC LOCATION AND ACCESS
Materials specified Publisher description
Uniform Resource Identifier <a href="http://www.loc.gov/catdir/description/hol051/2001017626.html">http://www.loc.gov/catdir/description/hol051/2001017626.html</a>
856 41 - ELECTRONIC LOCATION AND ACCESS
Materials specified Table of contents
Uniform Resource Identifier <a href="http://www.loc.gov/catdir/toc/hol051/2001017626.html">http://www.loc.gov/catdir/toc/hol051/2001017626.html</a>
906 ## - LOCAL DATA ELEMENT F, LDF (RLIN)
a 7
b cbc
c orignew
d 1
e ocip
f 19
g y-gencatlg
942 ## - ADDED ENTRY ELEMENTS (KOHA)
Source of classification or shelving scheme Dewey Decimal Classification
Koha item type Open Shelf
Holdings
Withdrawn status Lost status Source of classification or shelving scheme Damaged status Not for loan Home library Current library Date acquired Source of acquisition Inventory number Total Checkouts Full call number Barcode Date last seen Price effective from Koha item type
    Other/Generic Classification Scheme     MUST Main Library MUST Main Library 27/06/2024 purchase 03/19155   337 EVA 2001 2024-21537 27/06/2024 27/06/2024 Open Shelf